Tự thương mình sau những tháng năm thương người Dành cho những trái tim đang học cách kiên cường

Đã lưu trong:
Sonraí Bibleagrafaíochta
Príomhúdar: Trí
Formáid: Leabhar
Foilsithe: Hà Nội Văn học 2016
Ábhair:
Clibeanna: Cuir Clib Leis
Gan Chlibeanna, Bí ar an gcéad duine leis an taifead seo a chlibeáil!
Thư viện lưu trữ: Trung tâm Học liệu Lê Vũ Hùng, Trường Đại học Đồng Tháp
LEADER 00993aam a22003378a 4500
001 00035903
005 20171026081025.0
008 170104s2016 ||||||Viesd
020 # # |c 78000  |a 9786046987727 
041 0 # |a Vie 
082 1 # |b T550TH  |a 895.922 840 8 
100 1 # |a Trí 
245 1 0 |a Tự thương mình sau những tháng năm thương người  |c Trí  |b Dành cho những trái tim đang học cách kiên cường 
260 # # |a Hà Nội  |b Văn học  |c 2016 
300 # # |a 243 tr.  |c 21 cm. 
653 # # |a Tản văn 
653 # # |a Việt Nam 
653 # # |a Văn học hiện đại 
852 # # |b Kho mượn  |j KM.0020433, KM.0020434 
852 # # |b Kho đọc  |j KD.0019424 
852 # # |j KM.0020433  |j KD.0019424  |j KM.0020434 
910 |d 04/01/2017 
980 # # |a Trung tâm Học liệu Lê Vũ Hùng, Trường Đại học Đồng Tháp